| 000 | 01272nam a2200313 i 4500 | ||
|---|---|---|---|
| 003 | OSt | ||
| 005 | 20260318123635.0 | ||
| 008 | 241001s2024 my gr 000 0 may | ||
| 020 |
_a9786299993827 _cRM 38.00 _qpaperback |
||
| 040 |
_aPPAK _beng _cPPAK _erda |
||
| 082 | 0 | 4 |
_223 _a297.09 |
| 090 | 0 | 0 |
_a297.09 _bMAK _dG |
| 100 | 0 |
_aMakmor Tumin, _cProf., Dr, _eauthor. |
|
| 245 | 1 | 0 |
_aKISAH FITNAH DALAM SEJARAH AWAL ISLAM : _bDARI PENUBUHAN UTHMAN IBN AFFAN KE KEMATIAN HAJJAJ IBN YUSUF AL-THAQAFI : Pelajaran daripada Shaykh Yasir Qadhi / _cMakmor Tumin, Hanif Md Lateh, Mohamad Ehsan Sebri, Dzulfaidhi Hakimie Dzulraidi ; Penyunting: Siti Norasikin Abd Wahab |
| 264 | 1 |
_aPuchong, Selangor : _bHIKMAH PUBLISHING, _c2024 |
|
| 300 |
_aviii, 166 pages ; _c23 cm |
||
| 336 |
_atext _2rdacontent |
||
| 337 |
_aunmediated _2rdamedia |
||
| 338 |
_avolume _2rdacarrier |
||
| 504 | _aIncludes bibliographical references pages | ||
| 650 | 1 | 0 |
_aIslamic civilization _xHistory |
| 650 | 2 | 0 |
_aIslam _xHistory |
| 650 | 2 | 0 |
_aLibel and slander _xIslam |
| 700 | 0 |
_aHanif Md Lateh, _eauthor. |
|
| 700 | 0 |
_aMohamad Ehsan Sebri, _eauthor. |
|
| 700 | 0 |
_aDzulfaidhi Hakimie Dzulraidi _eauthor. |
|
| 700 | 0 |
_aSiti Norasikin Abd Wahab, _eeditor. |
|
| 942 |
_2ddc _cB |
||
| 999 |
_c203471 _d203471 |
||